000 00622nam a2200205Ia 4500
003 GCL
008 140319s9999 xx 000 0 ara d
040 _aGCL /
_cGCL
082 0 4 _a001.5
_bف و
100 1 _aخليل احمد خليل
245 1 0 _aوسائل الاعلام فى المستقبل /
_cخليل احمد خليل
700 1 _aفاسور، فريدريك
300 _a142 ص
490 _aزدنى علما
_v0
650 0 4 _aالثقافة الجماهيرية
650 0 4 _aالاعلام
650 0 4 _aوسائل الاعلام
650 0 4 _aالاتصال الجماهيرى
942 _2ddc
_cBK
999 _c48145
_d48145